000 00449nam a22001817a 4500
003 MPLRDC
005 20220104143822.0
008 210129b ||||| |||| 00| 0 eng d
020 _a7-80073-679-2
082 _a494 HAR
100 _aH. JAMES HARRINGTON等
245 _a标杆管理
_c欧阳袖等译
250 _a一版一刷
260 _a中国
_b中信出版社
_c2003
300 _b181
650 _a企业管理
942 _cBK
_o494 HAR
999 _c43646
_d43636